000 01279ngm a22003130a 4500
001 PT22861
003 AR-LpoUNG
005 20210202000329.0
007 vd cvaizq
008 191001s2004||||ag |||||||||||||||||spa d
037 _c$9,96
040 _aAR-LpoUNG
_bspa
_cAR-LpoUNG
_eaacr
041 _aspa
044 _aag
082 0 _a910.4 168dia
100 1 _aSalles, Walter
_edir.
245 1 0 _aDiarios de motocicleta
260 _as.l.
_bBuena Vista Home Entertainment,
_c2004.
300 _aVHS (121 min.) : son., col.
520 _aRelata la odisea por Latinoamérica llevada a cabo por Ernesto Guevara y su amigo el Dr. Alberto Granado en 1952, cuando Guevara era un joven estudiante de medicina. Ambos embarcaron en un viaje de 9 meses recorriendo América del Sur en una destartalada moto Norton de 500 cc. Basado en los diarios y en un libro de los propios "Che" Guevara y Alberto Granado, no es la historia de la radicalización de un revolucionario, es la crónica de un joven que abandona su hogar y experimenta y despierta al mundo de su alrededor.
650 4 _aAMERICA LATINA
650 4 _aASPECTOS SOCIALES
650 4 _aBIOGRAFIAS
650 4 _aVIAJES
651 4 _aAmérica Latina
653 _aVIDEOS
905 _a22861
942 _cVIDEO
999 _c54633
_d54633